Catálogo de la Biblioteca Horacio González - Universidad Nacional de General Sarmiento

Macromedia flash 5 : (Registro nro. 16928)

Detalles MARC
000 -CABECERA
campo de control de longitud fija 01654nam a22003130a 4500
001 - NÚMERO DE CONTROL
campo de control PT16235
003 - IDENTIFICADOR DEL NÚMERO DE CONTROL
campo de control AR-LpoUNG
005 - FECHA Y HORA DE LA ÚLTIMA TRANSACCIÓN
campo de control 20210131232702.0
008 - DATOS DE LONGITUD FIJA--INFORMACIÓN GENERAL
campo de control de longitud fija 191001s2001||||mx |||||||||||||||||spa d
020 ## - NÚMERO INTERNACIONAL ESTÁNDAR DEL LIBRO
Número Internacional Estándar del Libro 9701507266
Condiciones de disponibilidad $15.8
040 ## - FUENTE DE LA CATALOGACIÓN
Centro catalogador/agencia de origen AR-LpoUNG
Lengua de catalogación spa
Centro/agencia transcriptor AR-LpoUNG
Normas de descripción aacr
041 ## - CÓDIGO DE LENGUA
Código de lengua del texto/banda sonora o título independiente spa
044 ## - CÓDIGO DEL PAÍS DE LA ENTIDAD EDITORA/PRODUCTORA
Código MARC del país mx
082 0# - NÚMERO DE LA CLASIFICACIÓN DECIMAL DEWEY
Número de clasificación 005.3 74fla
100 1# - ENTRADA PRINCIPAL--NOMBRE DE PERSONA
Nombre de persona Orós Cabello, José Luis
245 10 - MENCIÓN DE TÍTULO
Título Macromedia flash 5 :
Resto del título curso práctico
250 ## - MENCIÓN DE EDICIÓN
Mención de edición 1§ edición
260 ## - PUBLICACIÓN, DISTRIBUCIÓN, ETC.
Lugar de publicación, distribución, etc. México, D. F. :
Nombre del editor, distribuidor, etc. Alfaomega - Ra-Ma,
Fecha de publicación, distribución, etc. 2001.
300 ## - DESCRIPCIÓN FÍSICA
Extensión xxviii, 459 p. :
Otras características físicas gráfs., il., tbls.
520 ## - SUMARIO, ETC.
Sumario, etc. Mas de 100 ejercicios, practicas y ejemplos. El autor ha reunido en ella su experiencia en libros anteriores acerca de software de diseño gráfico, sus asequibles explicaciones poniéndose siempre del lado del lector, y una gran cantidad de ejercicios, prÁcticas y ejemplos para complementar toda la parte teórica. Encontrará completas y detalladas explicaciones comprensibles a todos los niveles. Estructura orientada hacia el avance progresivo en el programa. Múltiples ilustraciones de apoyo a la explicación. Descripción de trucos y detalles que no aparecen en los manuales. Un texto valido para las versiones en castellano y en ingles. 53 ejemplos de apoyo a determinadas figuras del libro, 34 practicas paso a paso para complementar las explicaciones Y 30 ejercicios completos paso a paso para afianzar los conocimientos.
650 #4 - PUNTO DE ACCESO ADICIONAL DE MATERIA--TÉRMINO DE MATERIA
Término de materia o nombre geográfico como elemento de entrada COMPUTACION
650 #4 - PUNTO DE ACCESO ADICIONAL DE MATERIA--TÉRMINO DE MATERIA
Término de materia o nombre geográfico como elemento de entrada DIAGRAMAS
650 #4 - PUNTO DE ACCESO ADICIONAL DE MATERIA--TÉRMINO DE MATERIA
Término de materia o nombre geográfico como elemento de entrada ILUSTRACIONES
650 #4 - PUNTO DE ACCESO ADICIONAL DE MATERIA--TÉRMINO DE MATERIA
Término de materia o nombre geográfico como elemento de entrada INFORMATICA
650 #4 - PUNTO DE ACCESO ADICIONAL DE MATERIA--TÉRMINO DE MATERIA
Término de materia o nombre geográfico como elemento de entrada MATERIAL AUDIOVISUAL
650 #4 - PUNTO DE ACCESO ADICIONAL DE MATERIA--TÉRMINO DE MATERIA
Término de materia o nombre geográfico como elemento de entrada PROGRAMAS DE COMPUTADORAS
905 ## - ELEMENTOS DE DATOS E LOCAL, LDE (RLIN)
a 16235
942 ## - ELEMENTOS DE PUNTO DE ACCESO ADICIONAL (KOHA)
Tipo de ítem Koha Libro
Existencias
Estado de retiro Estado de pérdida Fuente del sistema de clasificación o colocación Estado dañado No para préstamo Código de colección Localización permanente Ubicación/localización actual Fecha de adquisición Total de préstamos Signatura topográfica completa Código de barras En préstamo Fecha visto por última vez Fecha del último préstamo Precio válido a partir de Tipo de ítem Koha
    Dewey Decimal Classification     Colección General Biblioteca Universidad Nacional de General Sarmiento Biblioteca Universidad Nacional de General Sarmiento 31/01/2021 1 005.3 74fla 00018104 01/08/2008 03/01/2024 03/01/2024 31/01/2021 Libro